00501nam a2200181Ii 450000100060000000300090000600800410001502000180005604000330007404100080010708200180011524500400013326400530017330000120022633600260023833700280026433800270029214770CO-ViMGA241108s9999||||xx |||||||||||||| ||und|| a9789588319056 aCO-ViMGAbspaerdacCO-ViMGA0 aspa04a302.2320 M33l10aEl medio es el diseño audiovisual 1aBogotá, Colombia : Universidad de Caldas, 2007 avolumen atextbtxt2rdacontent aunmediatedbn2rdamedia avolumebnc2rdacarrier